Statistiques concernant Les Campus de Sciences Po

Cliquez ici pour prendre le quiz!

Statistiques générales

  • Ce quiz a été pris 162 fois
  • Le résultat moyen est 12 sur 16

Statistiques - réponses

Réponse% Correct
Lille
96%
Bordeaux
90%
Paris
90%
Strasbourg
90%
Lyon (& Saint Etienne)
89%
Rennes
84%
Toulouse
81%
Grenoble
78%
Reims
78%
IEP de ProvinceAix en Provence
77%
Le Havre
72%
Sciences PO ParisDijon
67%
Saint Germain en Laye
66%
Poitiers
65%
Menton
61%
Nancy
60%

Distribution des résultats

Percentile par nombre de réponses

% des personnes avec chaque résultat

Votre développement - résultats

Vous n’avez pas pris ce quiz